El tesoro de la poesía quechua (Record no. 15977)

MARC details
000 -LEADER
campo de control de longitud fija 00885nam a2200313 a 4500
003 - IDENTIFICADOR DE NÚMERO DE CONTROL
campo de control AR-BaBNM
005 - FECHA Y HORA DE LA ÚLTIMA TRANSACCIÓN
campo de control 20251128210551.0
008 - DATOS DE LONGITUD FIJA--INFORMACIÓN GENERAL
campo de control de longitud fija 082120s2002 ||||||||||||||000 | spa||
020 ## - NÚMERO INTERNACIONAL ESTÁNDAR DEL LIBRO
Número Internacional Estándar del Libro 84-7960-105-1
040 ## - FUENTE DE CATALOGACIÓN
Centro/agencia transcriptor AR-BaBNM
100 1# - ENTRADA PRINCIPAL--NOMBRE DE PERSONA
Nombre de persona Yaranga Valderrama, Abdón
245 00 - MENCIÓN DEL TÍTULO
Título El tesoro de la poesía quechua
Resto del título Hawarikuy simipa illan
250 ## - MENCION DE EDICION
Mención de edición 1ª ed.
260 ## - PUBLICACIÓN, DISTRIBUCIÓN, ETC.
Lugar de publicación, distribución, etc. Madrid
Nombre del editor, distribuidor, etc. Ediciones de la Torre
Fecha de publicación, distribución, etc. 1994
300 ## - DESCRIPCIÓN FÍSICA
Extensión 253 p.
Otros detalles físicos il., láms.
490 #0 - MENCIÓN DE SERIE
Mención de serie Nuestro mundo. Arte y cultura
Designación de volumen o secuencia v. 42
650 #4 - PUNTO DE ACCESO ADICIONAL DE MATERIA--TÉRMINO DE MATERIA
Término de materia o nombre geográfico como elemento de entrada ARTE RELIGIOSO
650 #4 - PUNTO DE ACCESO ADICIONAL DE MATERIA--TÉRMINO DE MATERIA
Término de materia o nombre geográfico como elemento de entrada COSTUMBRES Y TRADICIONES
650 #4 - PUNTO DE ACCESO ADICIONAL DE MATERIA--TÉRMINO DE MATERIA
Término de materia o nombre geográfico como elemento de entrada LITERATURA FOLKLORICA
650 #4 - PUNTO DE ACCESO ADICIONAL DE MATERIA--TÉRMINO DE MATERIA
Término de materia o nombre geográfico como elemento de entrada LITERATURA POPULAR
650 #4 - PUNTO DE ACCESO ADICIONAL DE MATERIA--TÉRMINO DE MATERIA
Término de materia o nombre geográfico como elemento de entrada LENGUAS AMERINDIAS
650 #4 - PUNTO DE ACCESO ADICIONAL DE MATERIA--TÉRMINO DE MATERIA
Término de materia o nombre geográfico como elemento de entrada PERIODO PREHISPANICO
650 #4 - PUNTO DE ACCESO ADICIONAL DE MATERIA--TÉRMINO DE MATERIA
Término de materia o nombre geográfico como elemento de entrada ANTROPOLOGIA CULTURAL Y SOCIAL
650 #4 - PUNTO DE ACCESO ADICIONAL DE MATERIA--TÉRMINO DE MATERIA
Término de materia o nombre geográfico como elemento de entrada CRITICA LITERARIA
653 ## - TÉRMINO DE INDIZACIÓN--NO CONTROLADO
Término no controlado QUECHUA
655 ## - TERMINO DE INDIZACIÓN--GENERO/FORMA
Datos o término principal de género/forma LITERATURA
942 ## - ELEMENTOS DE ENTRADA SECUNDARIOS (KOHA)
Tipo de ítem Koha Libros
998 ## - INFORMACIÓN DE CONTROL LOCAL (RLIN)
Iniciales del catalogador, CIN (RLIN) MARTIN
Holdings
Estatus retirado Estado de pérdida Fuente de la clasificación o esquema de estantería Estado de daño No para préstamo Biblioteca de origen Biblioteca actual Fecha de adquisición Total de préstamos Signatura topográfica completa Código de barras Visto por última vez Precio de reemplazo Tipo de ítem Koha
    Clasificación Decimal Dewey     Liberty Liberty 28/11/2025   897 YAR 123643 28/11/2025 28/11/2025 Libros
    Clasificación Decimal Dewey     Liberty Liberty 28/11/2025   897 YAR 123644 28/11/2025 28/11/2025 Libros